000 01000nam a2200289Ia 4500
005 20250425162145.0
008 250425s9999 xx 000 0 und d
020 _a9588203031
041 _aspa
082 _a630
100 _aOSORIO DIAZ, DORIS LILIANA
245 0 _aVOLVAMOS AL CAMPO: PROCESOS INDUSTRIALES EN FRUTAS Y HORTALIZAS V.3-1
250 _a1A ED.
260 _aColombia
_bGRUPO LATINO
_c2003
260 _aS.L.
300 _a69
500 _aEN CIBGZ-FIMCP 50408 V.3-1 PARA ING. AGROPECUARIA.- MHP.
520 _aTRATA SOBRE LA INFORMACION TECNICA PARA REALIZAR TODOS LOS PROCESOS INDUSTRIALES EN FRUTAS Y VERDURAS DE UNA MANERA RENTABLE. LAS FRUTAS Y HORTALIZAS REPRESENTAN UNA FUENTE IMPORTANTE DE LAS VITAMINAS LAS MAS IMPORTANTES LA A Y LA C. lAS FRUTAS Y HORTALIZ
650 _aADITIVOS
650 _aDESHIDRATACION
650 _aFRUTAS
650 _aHORTALIZAS
650 _aMERMELADAS
650 _aPROCESOS INDUSTRIALES
942 _c01
010 _a53656
999 _c223491
_d223491